000 00258nam a2200109Ia 4500
008 220204s9999 xx 000 0 und d
082 _a326(73)
_bHUG
100 _aHuggins, N I
245 0 _aBlack odyssey
260 _aLondon
_bGeorge Allen
_c1977
942 _cBK
999 _c33271
_d33271